|
|
|
|
| LEADER |
01205nam a2200349 a 4500 |
| 001 |
000041963 |
| 003 |
4766 |
| 005 |
20190727085206.0 |
| 008 |
171030s2001 |
| 020 |
|
|
|a 0471365610
|
| 040 |
|
|
|a lnn
|c lnn
|d lnn
|
| 041 |
0 |
|
|a eng
|
| 082 |
1 |
4 |
|a 428.407
|b MA-A
|
| 100 |
1 |
|
|a Manzo, Anthony V.
|
| 245 |
0 |
0 |
|a Content area literacy :
|b interactive teaching for active learning /
|c Anthony V. Manzo.
|
| 250 |
|
|
|a 3rd ed.
|
| 260 |
|
|
|a New York :
|b John Wiley and Sons,
|c 2001.
|
| 300 |
|
|
|a vi, 457p. :
|b ill.
|
| 630 |
0 |
4 |
|a English language.
|
| 630 |
0 |
4 |
|a Language arts.
|
| 650 |
0 |
4 |
|a Interdisciplinary approach in education.
|
| 650 |
0 |
4 |
|a Language arts
|x Correlation with content subjects.
|
| 650 |
0 |
4 |
|a Content area reading
|z United States.
|
| OWN |
|
|
|a LNN
|
| AVA |
|
|
|a UDN50
|b LNN
|c English
|d 428.41 MA-A
|e available
|t Error 5001 Not defined in file expand_doc_bib_avail.
|f 1
|g 0
|h N
|i 0
|j AN
|k 1
|
| 999 |
|
|
|a From the UDN01
|
| AVA |
|
|
|a UDN50
|b LNN
|c English
|d 428.41 MA-A
|e available
|t Error 5001 Not defined in file expand_doc_bib_avail.
|f 1
|g 0
|h N
|i 0
|j AN
|k 1
|
| TYP |
|
|
|a Monograph
|
| TYP |
|
|
|a Printed language
|
| 980 |
|
|
|a Mạng thư viện Đại học Đà Nẵng
|